00381nam a2200133Ia 4500100001800000942000700018654001300025245003700038260004800075300000800123546001200131999001700143952008700160 aWhite/Harvey  cBK aCollege  aIntroduction to College Physics bD''Van Nostrand- Reinhold CoaNewyorkc1968 a791 aENGLISH c29505d29505 001040708AFTaCRCEbCRCEd2023-03-17l0o pAFT1542r2023-03-17w2023-03-17yBK